| 000 | 00823 a2200181 4500 | ||
|---|---|---|---|
| 020 | _a0324353898 (paperback) | ||
| 020 | _a9780324353891 (paperback) | ||
| 082 | 0 | 4 | _a658 |
| 090 |
_c5065 _d5065 |
||
| 100 | 1 | _aDuBrin, Andrew J. | |
| 245 | 1 | 0 |
_aEssentials of management / _cAndrew J. DuBrin. |
| 250 | _a8th ed. | ||
| 260 |
_a[S.l.] : _bSouth-Western College Pub, _c2008. |
||
| 300 |
_a652 p. ; _c26 cm. |
||
| 520 | _aESSENTIALS OF MANAGEMENT, Eighth Edition, offers a comprehensive, focused, and reader-friendly review of the fundamental principles and applications of effective management, linking theory and practice to prepare students for leadership in today's competitive business environment. | ||
| 856 | 4 | 0 |
_3Amazon.com _uhttp://www.amazon.com/exec/obidos/ASIN/0324353898/chopaconline-20 |
| 942 |
_aNBS _cBK _k658 DUB |
||
| 999 |
_c347488 _d347488 |
||